| 000 | 00623pam a2200217 a 4500 | ||
|---|---|---|---|
| 001 | 2862031 | ||
| 005 | 20180126073321.0 | ||
| 008 | 860102s1986 wiua b 101 0 eng | ||
| 010 | _a 85062337 | ||
| 020 | _a0891187782 (pbk.) | ||
| 040 |
_aDLC _cDLC _dDLC |
||
| 041 | _aeng | ||
| 080 | _a631.41 HUA | ||
| 082 | 0 | 0 |
_a631.41 HUA _219 |
| 100 | _a12 | ||
| 101 | _aKIM | ||
| 245 | 0 | 0 |
_aInteractions of soil minerals with natural organics and microbes / _ceditors, P.M. Huang and M. Schnitzer. |
| 504 | _aIncludes bibliographies and index. | ||
| 906 |
_a7 _bcbc _corignew _d1 _eopcn _f19 _gy-gencatlg |
||
| 942 |
_2ddc _cBK |
||
| 999 |
_c40994 _d40994 |
||